Men of the trees; (Record no. 2822)

MARC details
000 -LEADER
fixed length control field 00946cam a2200277u 4500
001 - CONTROL NUMBER
control field 7814454
003 - CONTROL NUMBER IDENTIFIER
control field OSt
005 - DATE AND TIME OF LATEST TRANSACTION
control field 20230627111646.0
008 - FIXED-LENGTH DATA ELEMENTS--GENERAL INFORMATION
fixed length control field 821206s1931 nyuafg 000 0 eng
010 ## - LIBRARY OF CONGRESS CONTROL NUMBER
LC control number 31025411
040 ## - CATALOGING SOURCE
Original cataloging agency DLC
Transcribing agency CarP
Modifying agency DLC
043 ## - GEOGRAPHIC AREA CODE
Geographic area code f------
-- f-nr---
050 00 - LIBRARY OF CONGRESS CALL NUMBER
Classification number DT351
Item number .B23
082 ## - DEWEY DECIMAL CLASSIFICATION NUMBER
Classification number 333.7
Item number BAK
100 1# - MAIN ENTRY--PERSONAL NAME
Personal name Baker, Richard St. Barbe,
Dates associated with a name 1889-1982.
245 10 - TITLE STATEMENT
Title Men of the trees;
Statement of responsibility, etc. in the mahogany forests of Kenya and Nigeria,
260 ## - PUBLICATION, DISTRIBUTION, ETC. (IMPRINT)
Place of publication, distribution, etc. New York,
Name of publisher, distributor, etc. L. MacVeagh, The Dial press;
Place of publication, distribution, etc. Toronto,
Name of publisher, distributor, etc. Longmans, Green & co.,
Date of publication, distribution, etc. 1931.
300 ## - PHYSICAL DESCRIPTION
Extent xv p., 1 l.,
Other physical details 19-283 p. front., illus. (music) plates.
Dimensions 24 cm.
650 #0 - SUBJECT ADDED ENTRY--TOPICAL TERM
Topical term or geographic name as entry element Forests and forestry
Geographic subdivision Africa.
650 #0 - SUBJECT ADDED ENTRY--TOPICAL TERM
Topical term or geographic name as entry element Indigenous peoples
Geographic subdivision Africa.
651 #0 - SUBJECT ADDED ENTRY--GEOGRAPHIC NAME
Geographic name Kenya
General subdivision Description and travel.
651 #0 - SUBJECT ADDED ENTRY--GEOGRAPHIC NAME
Geographic name Nigeria
General subdivision Description and travel.
651 #0 - SUBJECT ADDED ENTRY--GEOGRAPHIC NAME
Geographic name Africa
General subdivision Social life and customs.
906 ## - LOCAL DATA ELEMENT F, LDF (RLIN)
a 0
b cbc
c premunv
d u
e ncip
f 19
g y-gencatlg
942 ## - ADDED ENTRY ELEMENTS (KOHA)
Source of classification or shelving scheme Dewey Decimal Classification
Koha item type Books
Holdings
Withdrawn status Lost status Source of classification or shelving scheme Damaged status Not for loan Home library Current library Date acquired Total Checkouts Full call number Barcode Date last seen Price effective from Koha item type
    Dewey Decimal Classification     County Hall Archives County Hall Archives 06/27/2023   333.7 BAK 10001798 06/27/2023 06/27/2023 Books
LIBRARY OPENING HOURS

When the Parliament is sitting: 8.00a.m - 7.00p.m or until the house adjourns
Mondays and Fridays and when the House is on Recess:  8.00a.m - 5.00p.m
Closed on Weekends and Public Holidays

Online Public Access Catalog (OPAC)
Website: http://www.parliament.go.ke
Bunge Library: https://libraryir.parliament.go.ke
Contact: library@parliament.go.ke | Tel no: (254-2)2221291 or 2848000 Ext 5043